| 000 | 00480cam a2200169ua 4500 | ||
|---|---|---|---|
| 041 |
_aeng _h |
||
| 082 |
_a630.1076 _bSIN/QU |
||
| 100 | _aSingh, Neeraj pratap . | ||
| 245 |
_aQuestion bank on agriculture for competitive exams / _cNeeraj Pratap Singh. _hTextual Documents |
||
| 260 |
_aLucknow : _bInternational book distributing co. , _c2004. |
||
| 300 | _a ; . | ||
| 500 | _a21508, 21166 Ref | ||
| 504 | _a | ||
| 942 | _cBK | ||
| 999 |
_c12990 _d12990 |
||